Vývoj základných kovov na Londýnskej burze kovov Príloha Hospodárskych novín
Prehľad vývoja obchodovania so základnými kovmi (meď, hliník, olovo, zinok, cín, nikel) na Londýnskej burze kovov v máji 1996.
Gespeichert in:
| 1. Verfasser: | |
|---|---|
| Format: | Buchkapitel |
| Sprache: | Slowakisch |
| Schlagworte: | |
| Tags: |
Keine Tags, Fügen Sie das erste Tag hinzu!
|
MARC
| LEADER | 00000naa a2200000 4500 | ||
|---|---|---|---|
| 001 | r022701 | ||
| 005 | 20230801104406.3 | ||
| 041 | 0 | |a slo | |
| 044 | |a SK | ||
| 245 | 1 | 0 | |a Vývoj základných kovov na Londýnskej burze kovov |b Príloha Hospodárskych novín |c A. Zoller |
| 520 | |a Prehľad vývoja obchodovania so základnými kovmi (meď, hliník, olovo, zinok, cín, nikel) na Londýnskej burze kovov v máji 1996. | ||
| 610 | 2 | 0 | |a Veľká Británia |
| 610 | 2 | 0 | |a máj |
| 610 | 2 | 0 | |a 1996 |
| 610 | 2 | 0 | |a Londýnska burza kovov |
| 610 | 2 | 0 | |a meď |
| 610 | 2 | 0 | |a hliník |
| 610 | 2 | 0 | |a olovo |
| 610 | 2 | 0 | |a zinok |
| 610 | 2 | 0 | |a nikel |
| 610 | 2 | 0 | |a obchody burzové |
| 100 | 1 | |a Zoller, Alexander | |